[Event "BCF-ch Week2 AM op"]
[Site "Coventry"]
[Date "2015.08.05"]
[Round "3"]
[White "Cormican, John"]
[Black "Jaunooby, Ali Reza"]
[Result "0-1"]
[WhiteElo "1858"]
[BlackElo "2181"]
[PlyCount "64"]
[EventDate "2015.08.03"]
[EventType "swiss"]
[EventRounds "5"]
[EventCountry "ENG"]
[SourceTitle "CBM 167 Extra"]
[Source "ChessBase"]
[SourceDate "2015.09.14"]
[SourceVersion "1"]
[SourceVersionDate "2015.09.14"]
[SourceQuality "1"]

1. e4 d6 2. d4 Nf6 3. Nc3 g6 4. Bg5 Bg7 5. Qd2 h6 6. Bh4 a6 7. 0-0-0 b5 8. e5 Nfd7 9. f4 Bb7 10. Bd3 g5 11. fxg5 hxg5 12. Bxg5 dxe5 13. dxe5 b4 14. Ne4 Nxe5 15. Bb5+ Nbd7 16. Bxd7+ Nxd7 17. Qxb4 Rb8 18. b3 f5 19. Nc5 Bxg2 20. Qe1 0-0 21. Rxd7 Qe8 22. Rxe7 Qg6 23. h4 Bxh1 24. Nd7 Be4 25. Nxb8 Rxb8 26. Nh3 Qd6 27. Qg1 Qa3+ 28. Kd1 Qb2 29. Qc5 Rd8+ 30. Ke2 Bc3 31. Qc4+ Bd5 32. Qd3 Bf3+ 0-1